[Event "4NCL/Div2d/CHEDP vs. BRJ"]
[Site "Staverton Park ENG"]
[Date "2009.05.03"]
[Round "10.6"]
[White "Bourne, Johnathan"]
[Black "McKenna, Jason P"]
[Result "0-1"]
[WhiteElo "2096"]
[BlackElo "2167"]
[PlyCount "102"]
[EventDate "2009.05.03"]
[SourceDate "2008.10.04"]

1. d4 g6 2. e4 Bg7 3. Nc3 d6 4. f4 c6 5. Nf3 Bg4 6. Be2 Qb6 7. e5 Nh6 8. h3
Bxf3 9. Bxf3 Nf5 10. Ne2 Nd7 11. Bg4 e6 12. Bxf5 exf5 13. c3 O-O 14. Qb3 Qxb3
15. axb3 dxe5 16. dxe5 f6 17. exf6 Nxf6 18. Kf2 Ne4+ 19. Kf3 Rfd8 20. Be3 Nd2+
21. Kf2 Nxb3 22. Rxa7 Rxa7 23. Bxa7 Ra8 24. Be3 Ra2 25. Rb1 c5 26. Kf3 b5 27.
Nc1 Nxc1 28. Rxc1 Rxb2 29. Bxc5 Rb3 30. Bb4 Kf7 31. g3 Ke6 32. Ke3 Kd5 33. Kd3
Rb2 34. Re1 Rg2 35. Re3 Rg1 36. h4 Bf6 37. Ba5 Rd1+ 38. Kc2 Ra1 39. Bb6 Ra6 40.
Bc7 Kc4 41. Kb2 b4 42. Be5 Bxe5 43. fxe5 bxc3+ 44. Rxc3+ Kd4 45. Rc7 h5 46. Re7
Ke4 47. Rd7 Kxe5 48. Re7+ Re6 49. Rc7 Kd4 50. Ra7 Ke3 51. Ra3+ Kf2 0-1

[Event "4NCL/Div2d/CHEDP vs. BRJ"]
[Site "Staverton Park ENG"]
[Date "2009.05.03"]
[Round "10.7"]
[White "Bennett, Patrick"]
[Black "Tomboline, David"]
[Result "1-0"]
[WhiteElo "2075"]
[BlackElo "2014"]
[PlyCount "61"]
[EventDate "2009.05.03"]
[SourceDate "2008.10.04"]

1. d4 d5 2. Nf3 c6 3. c4 Nf6 4. e3 Bg4 5. Nc3 e6 6. Qb3 Qb6 7. c5 Qc7 8. Be2
Nbd7 9. h3 Bxf3 10. Bxf3 e5 11. O-O Be7 12. Bd2 O-O 13. Qc2 Rfe8 14. Rab1 Bf8
15. b4 a6 16. a4 g6 17. Rfd1 Bg7 18. g3 h5 19. Bc1 e4 20. Bg2 h4 21. g4 Nh7 22.
b5 axb5 23. axb5 Ng5 24. Qb3 f5 25. gxf5 gxf5 26. Nxd5 cxd5 27. Qxd5+ Kh8 28.
Qxf5 Bf6 29. b6 Qd8 30. Bb2 Ra2 31. Qd5 1-0

[Event "4NCL/Div2d/SWD2 vs. ANGA"]
[Site "Staverton Park ENG"]
[Date "2009.05.03"]
[Round "10.1"]
[White "Brown, Alan M"]
[Black "Talsma, Paul A"]
[Result "1/2-1/2"]
[WhiteElo "2116"]
[BlackElo "2263"]
[PlyCount "47"]
[EventDate "2009.05.03"]
[SourceDate "2008.10.04"]

1. d4 f5 2. c4 Nf6 3. Nc3 d6 4. g3 g6 5. Bg2 Bg7 6. Nf3 O-O 7. O-O Nc6 8. b3
Ne4 9. Bb2 Nxc3 10. Bxc3 e5 11. dxe5 dxe5 12. Qd5+ Kh8 13. Qxd8 Rxd8 14. Ng5
Re8 15. Rad1 e4 16. Bxg7+ Kxg7 17. Nh3 Ne5 18. f3 exf3 19. exf3 Nf7 20. Rfe1
Be6 21. Nf4 Kf6 22. Nd3 Rad8 23. f4 Bc8 24. Rxe8 1/2-1/2

[Event "4NCL/Div2d/SWD2 vs. ANGA"]
[Site "Staverton Park ENG"]
[Date "2009.05.03"]
[Round "10.2"]
[White "Bucknell, Malcolm"]
[Black "Miles, Richard"]
[Result "1/2-1/2"]
[WhiteElo "2175"]
[BlackElo "2067"]
[PlyCount "36"]
[EventDate "2009.05.03"]
[SourceDate "2008.10.04"]

1. e4 c5 2. Nc3 a6 3. g3 b5 4. Bg2 Bb7 5. d3 e6 6. Nf3 Be7 7. O-O Nc6 8. a4 b4
9. Ne2 Nf6 10. Nh4 d5 11. exd5 Nxd5 12. Nf3 O-O 13. Nd2 a5 14. Nc4 Nb6 15. Nxb6
Qxb6 16. Nf4 Nd4 17. c3 Bxg2 18. Nxg2 Nf5 1/2-1/2

[Event "4NCL/Div2d/SWD2 vs. ANGA"]
[Site "Staverton Park ENG"]
[Date "2009.05.03"]
[Round "10.3"]
[White "Burton, Graham P"]
[Black "Gregory, Stephen J"]
[Result "1/2-1/2"]
[WhiteElo "2059"]
[BlackElo "2163"]
[PlyCount "82"]
[EventDate "2009.05.03"]
[SourceDate "2008.10.04"]

1. e4 d6 2. d4 Nf6 3. Nc3 g6 4. Nf3 Bg7 5. Be2 O-O 6. O-O Nc6 7. Be3 e5 8. Qd2
Ng4 9. Bg5 f6 10. Bh4 Kh8 11. h3 Nh6 12. dxe5 dxe5 13. Qxd8 Nxd8 14. Nd5 Ne6
15. Bc4 Ng8 16. Rad1 c6 17. Ne3 Nc5 18. Nd2 b5 19. Nb3 Nb7 20. Be2 a5 21. a3
Be6 22. c4 Bh6 23. Ng4 bxc4 24. Nxh6 cxb3 25. Nxg8 Kxg8 26. Rc1 c5 27. f3 g5
28. Bf2 Rfc8 29. Bc4 Bxc4 30. Rxc4 Nd6 31. Rc3 c4 32. Rfc1 Ra6 33. a4 Rac6 34.
Be3 Kf7 35. Kf2 Ke6 36. Rd1 f5 37. exf5+ Nxf5 38. Bxg5 Nd4 39. f4 Nc2 40. fxe5
Kxe5 41. g3 Rc5 1/2-1/2

[Event "4NCL/Div2d/SWD2 vs. ANGA"]
[Site "Staverton Park ENG"]
[Date "2009.05.03"]
[Round "10.4"]
[White "Spence, David"]
[Black "Mort, Andrew J"]
[Result "1-0"]
[WhiteElo "2237"]
[BlackElo "2015"]
[PlyCount "77"]
[EventDate "2009.05.03"]
[SourceDate "2008.10.04"]

1. e4 c6 2. d4 d5 3. Nc3 dxe4 4. Nxe4 Nf6 5. Nxf6+ gxf6 6. c3 Bf5 7. Nf3 e6 8.
Nh4 Bg6 9. Be2 Bd6 10. Bf3 Nd7 11. Qe2 Qc7 12. g3 O-O-O 13. O-O f5 14. b4 f4
15. a4 e5 16. b5 c5 17. Nxg6 hxg6 18. a5 Rde8 19. b6 axb6 20. a6 bxa6 21. Qxa6+
Kd8 22. Rd1 fxg3 23. hxg3 Ke7 24. dxc5 Nxc5 25. Qc4 Kf8 26. Be3 e4 27. Bg2 Qe7
28. Qb5 Nd3 29. Qxb6 Rb8 30. Qd4 Be5 31. Qxe4 Nb2 32. Rd7 Qe8 33. Raa7 Rh7 34.
Bc5+ Kg8 35. Re7 Qb5 36. Qxe5 Nd3 37. Rab7 Nxe5 38. Rxb5 Rxb5 39. Re8+ 1-0

[Event "4NCL/Div2d/SWD2 vs. ANGA"]
[Site "Staverton Park ENG"]
[Date "2009.05.03"]
[Round "10.6"]
[White "Gray, Mark S"]
[Black "Homer, Neil"]
[Result "1-0"]
[WhiteElo "2125"]
[BlackElo "1925"]
[PlyCount "65"]
[EventDate "2009.05.03"]
[SourceDate "2008.10.04"]

1. e4 c6 2. d4 d5 3. exd5 cxd5 4. c4 Nf6 5. Nc3 e6 6. Nf3 Be7 7. c5 O-O 8. Bd3
Nc6 9. a3 Bd7 10. b4 a6 11. O-O Re8 12. Re1 Qc7 13. Bc2 Bf8 14. Bg5 Be7 15. Ne5
g6 16. g4 Kg7 17. Bf4 Qd8 18. Bh6+ Kg8 19. Na4 Rb8 20. Nb6 Bc8 21. Bf4 Nxe5 22.
Bxe5 Nd7 23. Bxb8 Nxb8 24. Ba4 Rf8 25. Qf3 f5 26. Qe2 fxg4 27. Nxc8 Qxc8 28.
Qxg4 Rf5 29. Re5 Bf6 30. Rxf5 exf5 31. Qf3 Qe6 32. Bb3 Bxd4 33. Bxd5 1-0

[Event "4NCL/Div2d/SWD2 vs. ANGA"]
[Site "Staverton Park ENG"]
[Date "2009.05.03"]
[Round "10.7"]
[White "Dixon, Chris"]
[Black "Wallis, Ian"]
[Result "0-1"]
[WhiteElo "1895"]
[BlackElo "1962"]
[PlyCount "66"]
[EventDate "2009.05.03"]
[SourceDate "2008.10.04"]

1. e4 e5 2. Nc3 Nc6 3. Bc4 Nf6 4. d3 Bb4 5. a3 Bxc3+ 6. bxc3 d5 7. exd5 Nxd5 8.
Bd2 O-O 9. Nf3 Qd6 10. O-O Nb6 11. Bb3 Be6 12. Bxe6 Qxe6 13. Re1 Qd6 14. Re2
Rfe8 15. Qe1 Nd7 16. d4 f6 17. Bf4 Kf7 18. dxe5 Ndxe5 19. Nxe5+ Nxe5 20. Bxe5
fxe5 21. Rd2 Qe7 22. Qe4 Rad8 23. Rd3 Rxd3 24. cxd3 Qc5 25. Qb4 Qxb4 26. axb4
a6 27. Kf1 Ke6 28. Ke2 Kd6 29. Ke3 c5 30. bxc5+ Kxc5 31. f3 Re6 32. Ke4 b5 33.
Kf5 Rd6 0-1

[Event "4NCL/Div2d/SWD2 vs. ANGA"]
[Site "Staverton Park ENG"]
[Date "2009.05.03"]
[Round "10.8"]
[White "Boulton, William"]
[Black "Menon, Davin"]
[Result "1-0"]
[WhiteElo "1990"]
[BlackElo "1564"]
[PlyCount "68"]
[EventDate "2009.05.03"]
[SourceDate "2008.10.04"]

1. d4 Nf6 2. c4 e6 3. Nc3 Bb4 4. f3 d5 5. e3 O-O 6. a3 Be7 7. cxd5 exd5 8. Bd3
Re8 9. Nge2 c5 10. O-O Nc6 11. Kh1 cxd4 12. exd4 Qb6 13. Bc2 a6 14. Qd3 g6 15.
g4 Rd8 16. Be3 Ne8 17. Rg1 Nc7 18. f4 Ne6 19. f5 Nc7 20. Nf4 Rd6 21. Nh5 Ne8
22. Raf1 Kh8 23. fxg6 fxg6 24. Rf3 Be6 25. Nf4 Bg8 26. Rh3 Kg7 27. Nh5+ Kh8 28.
Nf4 Kg7 29. Nfe2 Kf7 30. Bf4 Rdd8 31. Qe3 Bf6 32. Rd1 Rd7 33. Bh6 Rd6 34. g5
Bxd4 1-0

[Event "4NCL/Div2d/FCA1 vs. WES2"]
[Site "Staverton Park ENG"]
[Date "2009.05.03"]
[Round "10.1"]
[White "Tippleston, Charles"]
[Black "Tunks, Dominic"]
[Result "0-1"]
[WhiteElo "2167"]
[BlackElo "2013"]
[PlyCount "62"]
[EventDate "2009.05.03"]
[SourceDate "2008.10.04"]

1. e4 c5 2. c3 b6 3. d4 Bb7 4. Bd3 Nf6 5. Nd2 cxd4 6. cxd4 g6 7. Ne2 Bg7 8. O-O
O-O 9. e5 Nd5 10. Ne4 Nc6 11. h4 Rc8 12. a3 d6 13. e6 fxe6 14. Ng5 Qd7 15. h5
h6 16. Ne4 e5 17. hxg6 exd4 18. N4g3 e5 19. Nh5 Nce7 20. Nxg7 Kxg7 21. Ng3 Nf6
22. Nh5+ Nxh5 23. Qxh5 Rh8 24. Re1 Rc5 25. b4 Rc3 26. Bb1 Nd5 27. Bd2 Nf6 28.
Qd1 Rh3 29. f3 Rg3 30. Rf1 Qh3 31. Qe2 Ng4 0-1

[Event "4NCL/Div2d/FCA1 vs. WES2"]
[Site "Staverton Park ENG"]
[Date "2009.05.03"]
[Round "10.2"]
[White "de Coverly, Roger"]
[Black "Macdonald-Ross, Michael"]
[Result "0-1"]
[WhiteElo "2070"]
[BlackElo "2169"]
[PlyCount "92"]
[EventDate "2009.05.03"]
[SourceDate "2008.10.04"]

1. Nf3 d5 2. g3 Nf6 3. Bg2 c6 4. O-O Bf5 5. b3 e6 6. Bb2 h6 7. d3 Be7 8. c4 O-O
9. Nbd2 Nbd7 10. Qc2 a5 11. a3 Qb6 12. Bc3 c5 13. cxd5 exd5 14. e4 Bh7 15. Nh4
Qa6 16. Nf5 Bxf5 17. exf5 Rac8 18. Rfe1 Bd6 19. a4 Rfe8 20. Rxe8+ Rxe8 21. d4
Qb6 22. Nf3 Ne4 23. Bb2 Ndf6 24. h3 Rc8 25. Ne5 Rc7 26. Qd1 c4 27. Ng4 Nxg4 28.
hxg4 c3 29. Bc1 c2 30. Qe1 Qxd4 31. Be3 Qb2 32. Bxe4 dxe4 33. Kg2 Bb4 34. Qh1
Qf6 35. Rf1 Ba3 36. Bc1 Bxc1 37. Rxc1 Qc3 38. Kh3 Qd2 39. Qf1 Rc3 40. Kh4 Qg5+
41. Kh3 h5 42. gxh5 Qxf5+ 43. Kg2 Qf3+ 44. Kg1 Qxh5 45. Qb5 Qd1+ 46. Qf1 Rd3
0-1

[Event "4NCL/Div2d/FCA1 vs. WES2"]
[Site "Staverton Park ENG"]
[Date "2009.05.03"]
[Round "10.3"]
[White "Reuben, Stewart"]
[Black "Buchkremer, Felix"]
[Result "1/2-1/2"]
[WhiteElo "2102"]
[BlackElo "2076"]
[PlyCount "81"]
[EventDate "2009.05.03"]
[SourceDate "2008.10.04"]

1. c4 f5 2. Nc3 Nf6 3. g3 g6 4. Bg2 Bg7 5. d4 d6 6. Nh3 O-O 7. Nf4 Na6 8. O-O
e5 9. dxe5 dxe5 10. Qxd8 Rxd8 11. Nfd5 Re8 12. Bg5 Nxd5 13. Nxd5 h6 14. Ne7+
Kh7 15. Nxc8 e4 16. Be3 Raxc8 17. Rad1 Rcd8 18. b3 c5 19. Rd5 Rxd5 20. cxd5 b6
21. Rd1 Be5 22. f3 exf3 23. Bxf3 Bd6 24. Bf4 Rd8 25. Kf2 Kg7 26. Ke3 Nb4 27.
Rd2 Kf6 28. a3 Bxf4+ 29. gxf4 Na6 30. Kd3 Nc7 31. Kc4 Ne8 32. Kb5 Nd6+ 33. Ka6
Rd7 34. a4 g5 35. e3 g4 36. Bg2 Ke7 37. Re2 Ne8 38. Kb5 Nd6+ 39. Ka6 Ne8 40.
Kb5 Nd6+ 41. Ka6 1/2-1/2

[Event "4NCL/Div2d/FCA1 vs. WES2"]
[Site "Staverton Park ENG"]
[Date "2009.05.03"]
[Round "10.4"]
[White "Taylor-Bowd, Phil"]
[Black "Almond, Richard"]
[Result "1/2-1/2"]
[WhiteElo "2037"]
[BlackElo "2114"]
[PlyCount "29"]
[EventDate "2009.05.03"]
[SourceDate "2008.10.04"]

1. e4 d5 2. exd5 Qxd5 3. Nc3 Qa5 4. d4 c6 5. Bc4 Bf5 6. Nge2 e6 7. Ng3 Bg6 8.
O-O Bb4 9. Nce4 Nd7 10. Qf3 Ngf6 11. c3 Be7 12. Re1 O-O 13. b4 Qd8 14. Nc5 b6
15. Nxd7 1/2-1/2

[Event "4NCL/Div2d/FCA1 vs. WES2"]
[Site "Staverton Park ENG"]
[Date "2009.05.03"]
[Round "10.5"]
[White "Smith, Graham"]
[Black "Pleasants, Allan J"]
[Result "1/2-1/2"]
[WhiteElo "2122"]
[BlackElo "2088"]
[PlyCount "47"]
[EventDate "2009.05.03"]
[SourceDate "2008.10.04"]

1. d4 Nf6 2. c4 c5 3. d5 b5 4. Nf3 g6 5. a4 b4 6. b3 Bg7 7. Bb2 O-O 8. g3 d6 9.
Bg2 Nbd7 10. O-O Qc7 11. Qc2 Bb7 12. Nbd2 Rae8 13. Rfe1 e5 14. e4 Nh5 15. Rad1
Qd8 16. Bh3 Bc8 17. Nf1 Ndf6 18. Bxc8 Qxc8 19. Ne3 h6 20. Nh4 Nh7 21. f3 Qh3
22. Qg2 Qxg2+ 23. Nexg2 Ng5 24. Ne3 1/2-1/2

[Event "4NCL/Div2d/FCA1 vs. WES2"]
[Site "Staverton Park ENG"]
[Date "2009.05.03"]
[Round "10.6"]
[White "Clark, Ian C"]
[Black "Habershon, Paul"]
[Result "0-1"]
[WhiteElo "2093"]
[BlackElo "2081"]
[PlyCount "128"]
[EventDate "2009.05.03"]
[SourceDate "2008.10.04"]

1. e4 Nf6 2. e5 Nd5 3. c4 Nb6 4. d4 d6 5. exd6 cxd6 6. Nc3 g6 7. Be3 Bg7 8. Be2
O-O 9. Nf3 Nc6 10. O-O Bg4 11. b3 d5 12. c5 Nc8 13. Rc1 e6 14. b4 a6 15. Rb1
N8e7 16. a4 Nf5 17. b5 Bxf3 18. bxc6 Bxe2 19. Nxe2 bxc6 20. Rb6 Nd6 21. Rxc6
Nc4 22. Bf4 Ra7 23. Qd3 Qd7 24. Rb6 Qxa4 25. Rbb1 Qc6 26. Rfd1 a5 27. Nc3 a4
28. Nb5 Rb7 29. Nd6 Rxb1 30. Qxb1 e5 31. Nxc4 dxc4 32. dxe5 Qxc5 33. Qa2 Bxe5
34. Bxe5 Qxe5 35. Qxa4 Rc8 36. Qc2 c3 37. g3 Kg7 38. Rc1 f5 39. Qb3 Rc7 40. Kf1
Qd4 41. Qc2 Kf6 42. f4 Qe3 43. Kg2 Qd2+ 44. Qxd2 cxd2 45. Rd1 Rc2 46. Kf2 Ke6
47. Ke2 Kd5 48. Rxd2+ Rxd2+ 49. Kxd2 Kd4 50. Ke2 Ke4 51. Kf2 h6 52. h4 Kd3 53.
Kf3 h5 54. Kf2 Kd2 55. Kf3 Ke1 56. Kg2 Ke2 57. Kg1 Kf3 58. Kh2 Kf2 59. Kh3 Kg1
60. g4 hxg4+ 61. Kg3 Kf1 62. h5 gxh5 63. Kh4 Kf2 64. Kxh5 Kf3 0-1

[Event "4NCL/Div2d/FCA1 vs. WES2"]
[Site "Staverton Park ENG"]
[Date "2009.05.03"]
[Round "10.7"]
[White "Majer, Chris E"]
[Black "Coburn, Joe"]
[Result "1-0"]
[WhiteElo "2078"]
[BlackElo "1950"]
[PlyCount "87"]
[EventDate "2009.05.03"]
[SourceDate "2008.10.04"]

1. e4 d6 2. d4 Nf6 3. Nc3 g6 4. f4 Bg7 5. a3 O-O 6. Nf3 b6 7. Bd3 c5 8. e5 dxe5
9. dxe5 Nd5 10. Be4 Nc7 11. Qxd8 Rxd8 12. Be3 Bf5 13. Bxa8 Nxa8 14. Rd1 Nc6 15.
Rxd8+ Nxd8 16. Kd2 Nc7 17. Rd1 Nc6 18. Kc1 f6 19. exf6 Bxf6 20. Nd5 Nxd5 21.
Rxd5 Be6 22. Rd1 h5 23. Bf2 Kf8 24. Bg3 Bg4 25. Rd3 Bf5 26. Rd2 Nd4 27. Nxd4
Bxd4 28. Bf2 Bxf2 29. Rxf2 e6 30. Re2 Ke7 31. h3 b5 32. Kd2 Kd6 33. Ke3 e5 34.
Kf3 e4+ 35. Ke3 a5 36. Rd2+ Kc6 37. Rd8 a4 38. Rg8 b4 39. g4 hxg4 40. hxg4 Be6
41. Rxg6 Kd5 42. f5 Bf7 43. Rg7 bxa3 44. bxa3 1-0

[Event "4NCL/Div2d/FCA1 vs. WES2"]
[Site "Staverton Park ENG"]
[Date "2009.05.03"]
[Round "10.8"]
[White "Daley, Eugene"]
[Black "Evans, Helen"]
[Result "1-0"]
[WhiteElo "1689"]
[BlackElo "1745"]
[PlyCount "67"]
[EventDate "2009.05.03"]
[SourceDate "2008.10.04"]

1. e4 d6 2. d4 Nf6 3. Nc3 c6 4. Nf3 Bg4 5. Be3 e6 6. Bd3 Be7 7. h3 Bh5 8. Qd2
Qc7 9. O-O-O b5 10. g4 Bg6 11. e5 Bxd3 12. exf6 b4 13. Qxd3 bxc3 14. fxg7 cxb2+
15. Kb1 Rg8 16. Qxh7 Rxg7 17. Qxg7 Bf8 18. Qg8 Nd7 19. Bh6 O-O-O 20. Bxf8 Rxf8
21. Qg5 Nb6 22. Qa5 Qb7 23. Rd3 Nc4 24. Qa4 Nb6 25. Qb4 Kc7 26. Nd2 c5 27. dxc5
Qxh1+ 28. Kxb2 Rb8 29. cxd6+ Kd7 30. Qb5+ Kd8 31. Qg5+ Kd7 32. Qe7+ Kc6 33.
Qc7+ Kb5 34. Qxb8 1-0

[Event "4NCL/Div2d/BARY vs. CHEDP"]
[Site "Staverton Park ENG"]
[Date "2009.05.04"]
[Round "11.1"]
[White "Chapman, Terence"]
[Black "Arkell, Keith"]
[Result "1-0"]
[WhiteElo "2232"]
[BlackElo "2517"]
[PlyCount "71"]
[EventDate "2009.05.04"]
[SourceDate "2008.10.04"]

1. Nf3 d5 2. c4 d4 3. e3 dxe3 4. fxe3 c5 5. b4 cxb4 6. d4 Nd7 7. Bd3 Ngf6 8.
O-O e5 9. Ng5 h6 10. Ne6 fxe6 11. Bg6+ Ke7 12. a3 h5 13. Qe1 Qc7 14. c5 b6 15.
axb4 Bb7 16. Nc3 a5 17. e4 axb4 18. Nb5 Qc6 19. Na7 Rxa7 20. Rxa7 bxc5 21. dxe5
Nxe5 22. Qg3 Ned7 23. e5 h4 24. exf6+ gxf6 25. Qf3 Qxf3 26. gxf3 Bd5 27. Be4
Bxe4 28. fxe4 Bg7 29. Be3 Rd8 30. Bxc5+ Ke8 31. Bxb4 Bh6 32. Ra6 Be3+ 33. Kh1
Kf7 34. Rd1 Kg6 35. Ra3 Bb6 36. Rad3 1-0

[Event "4NCL/Div2d/BARY vs. CHEDP"]
[Site "Staverton Park ENG"]
[Date "2009.05.04"]
[Round "11.2"]
[White "Bellin, Robert"]
[Black "Franklin, Samuel"]
[Result "1/2-1/2"]
[WhiteElo "2389"]
[BlackElo "2131"]
[PlyCount "29"]
[EventDate "2009.05.04"]
[SourceDate "2008.10.04"]

1. Nf3 Nf6 2. b3 d6 3. d4 g6 4. Bb2 Bg7 5. Nbd2 O-O 6. e4 a5 7. a4 Nfd7 8. Be2
Nc6 9. O-O e5 10. dxe5 Ndxe5 11. Nxe5 dxe5 12. Ba3 Re8 13. Bb5 Qf6 14. Qf3 Rd8
15. Qxf6 1/2-1/2

[Event "4NCL/Div2d/BARY vs. CHEDP"]
[Site "Staverton Park ENG"]
[Date "2009.05.04"]
[Round "11.3"]
[White "O'Toole, George E"]
[Black "Grooten, Herman"]
[Result "1-0"]
[WhiteElo "2125"]
[BlackElo "2344"]
[PlyCount "55"]
[EventDate "2009.05.04"]
[SourceDate "2008.10.04"]

1. e4 c6 2. c4 d5 3. exd5 Nf6 4. Nc3 cxd5 5. cxd5 Nxd5 6. Nf3 Nc6 7. Bc4 e6 8.
O-O Be7 9. Re1 O-O 10. d4 Nxc3 11. bxc3 b6 12. Bd3 Bb7 13. h4 Na5 14. Ng5 h6
15. Qh5 Qe8 16. Re3 Bd5 17. g4 Bd6 18. Nh7 Bf4 19. Nxf8 Bxe3 20. Bxe3 Qc6 21.
Bxh6 Kxf8 22. Bg5 f5 23. gxf5 Bf3 24. Qh8+ Kf7 25. Qh7 Re8 26. f6 Rg8 27. Bg6+
Kf8 28. f7 1-0

[Event "4NCL/Div2d/BARY vs. CHEDP"]
[Site "Staverton Park ENG"]
[Date "2009.05.04"]
[Round "11.4"]
[White "Schuurman, Petra"]
[Black "Moore, John C"]
[Result "1-0"]
[WhiteElo "2348"]
[BlackElo "2063"]
[PlyCount "65"]
[EventDate "2009.05.04"]
[SourceDate "2008.10.04"]

1. d4 d5 2. c4 c6 3. Nf3 Nf6 4. Qc2 e6 5. Bg5 Nbd7 6. Nbd2 h6 7. Bh4 Be7 8. e3
O-O 9. Bd3 b6 10. cxd5 Nxd5 11. Bxe7 Nxe7 12. O-O Bb7 13. b4 Nd5 14. a3 Qe7 15.
Nc4 Rfc8 16. Rfb1 Ba6 17. Bh7+ Kh8 18. Nce5 Nxe5 19. Nxe5 Nf6 20. Bg6 Rf8 21.
Bxf7 Rxf7 22. Ng6+ Kg8 23. Nxe7+ Rxe7 24. Qxc6 Bb7 25. Qd6 Rae8 26. Rc1 Rd7 27.
Qg3 Ne4 28. Qg6 Nf6 29. f3 Ree7 30. Rc2 Rf7 31. Rac1 Rde7 32. e4 Nh7 33. Qg3
1-0

[Event "4NCL/Div2d/BARY vs. CHEDP"]
[Site "Staverton Park ENG"]
[Date "2009.05.04"]
[Round "11.5"]
[White "Wells, Daniel"]
[Black "Wallace, Paul A"]
[Result "1/2-1/2"]
[WhiteElo "2005"]
[BlackElo "2243"]
[PlyCount "61"]
[EventDate "2009.05.04"]
[SourceDate "2008.10.04"]

1. e4 e5 2. Nf3 Nc6 3. Bb5 Bc5 4. O-O Nd4 5. Nxd4 Bxd4 6. c3 Bb6 7. d4 c6 8.
Bc4 d6 9. a4 Nf6 10. Re1 h6 11. b4 O-O 12. a5 Bc7 13. dxe5 dxe5 14. Qb3 Nh5 15.
Nd2 Nf4 16. Nf3 Qf6 17. Bxf4 Qxf4 18. b5 Bg4 19. Re3 Bd6 20. a6 Rab8 21. Ne1
Qf6 22. Nd3 Qe7 23. h3 Bd7 24. b6 bxa6 25. b7 Bc7 26. Bxa6 Bb6 27. Re2 Rfd8 28.
Nb4 Qc5 29. Rd1 Be8 30. Red2 Rxd2 31. Rxd2 1/2-1/2

[Event "4NCL/Div2d/BARY vs. CHEDP"]
[Site "Staverton Park ENG"]
[Date "2009.05.04"]
[Round "11.6"]
[White "McKenna, Jason P"]
[Black "Brett, Andrew"]
[Result "1/2-1/2"]
[WhiteElo "2167"]
[BlackElo "2065"]
[PlyCount "43"]
[EventDate "2009.05.04"]
[SourceDate "2008.10.04"]

1. e4 c5 2. Nf3 d6 3. Bb5+ Bd7 4. Bxd7+ Qxd7 5. O-O Nf6 6. Qe2 Nc6 7. c3 e6 8.
d4 cxd4 9. cxd4 d5 10. e5 Ne4 11. Be3 Be7 12. Ne1 f6 13. f3 Ng5 14. Nd3 fxe5
15. Bxg5 Bxg5 16. f4 Be7 17. dxe5 O-O 18. Nc3 Rac8 19. Rad1 d4 20. Ne4 Qd5 21.
b3 a5 22. Rf3 1/2-1/2

[Event "4NCL/Div2d/BARY vs. CHEDP"]
[Site "Staverton Park ENG"]
[Date "2009.05.04"]
[Round "11.7"]
[White "Cumming, Rhys"]
[Black "Bennett, Patrick"]
[Result "0-1"]
[WhiteElo "1890"]
[BlackElo "2075"]
[PlyCount "62"]
[EventDate "2009.05.04"]
[SourceDate "2008.10.04"]

1. e4 g6 2. d4 Bg7 3. Nc3 d6 4. f4 a6 5. Nf3 b5 6. Bd3 Nd7 7. Ne2 Bb7 8. O-O c5
9. c3 Qb6 10. Kh1 Ngf6 11. Ng3 O-O 12. e5 Nd5 13. a3 b4 14. axb4 cxb4 15. Qe1
dxe5 16. fxe5 bxc3 17. bxc3 Qe6 18. Ra5 Bxe5 19. Nxe5 Nxe5 20. Be4 Rfc8 21. Bf5
gxf5 22. Nxf5 f6 23. Qe4 Rc4 24. Qe2 Kh8 25. Qh5 Rg8 26. Nh6 Rg6 27. Ra2 Nxc3
28. Raf2 Ng4 29. Nxg4 Qxg4 30. Qxg4 Rxg4 31. Rg1 Ne4 0-1

[Event "4NCL/Div2d/ANGA vs. FCA1"]
[Site "Staverton Park ENG"]
[Date "2009.05.04"]
[Round "11.1"]
[White "Spence, David"]
[Black "Kenworthy, Gary"]
[Result "0-1"]
[WhiteElo "2237"]
[BlackElo "2287"]
[PlyCount "134"]
[EventDate "2009.05.04"]
[SourceDate "2008.10.04"]

1. e4 c6 2. d4 d5 3. Nc3 dxe4 4. Nxe4 Nf6 5. Nxf6+ gxf6 6. c3 Bf5 7. Nf3 e6 8.
g3 Qb6 9. Qe2 Be7 10. Be3 Qa6 11. Qxa6 Nxa6 12. Nh4 Bg6 13. Bxa6 bxa6 14. O-O-O
Bh5 15. Rde1 Kd7 16. Rhg1 Rhg8 17. Ng2 a5 18. Bd2 a4 19. Nf4 Bg6 20. Re3 Rab8
21. Rge1 Ba3 22. Nxg6 Bxb2+ 23. Kc2 hxg6 24. h4 Rb6 25. Rb1 Rgb8 26. Bc1 Bxc1
27. Rxb6 axb6 28. Kxc1 b5 29. a3 Kd6 30. Kd2 Rd8 31. Kd3 e5 32. dxe5+ fxe5 33.
c4 Ke6+ 34. Kc3 Rd1 35. cxb5 cxb5 36. Kb4 Rb1+ 37. Kc5 Rb2 38. f4 f6 39. fxe5
fxe5 40. g4 Rb3 41. Re4 Kf6 42. Re1 Rxa3 43. Kxb5 Rf3 44. Ra1 a3 45. Kc5 Rg3
46. h5 Rxg4 47. hxg6 Rg3 48. Kd5 Re3 49. Kc4 Re4+ 50. Kd3 Ra4 51. Kd2 Kxg6 52.
Ra2 Kf5 53. Kc3 Rh4 54. Rf2+ Ke6 55. Rf8 Ra4 56. Rf1 a2 57. Ra1 Kd5 58. Kd3 e4+
59. Kc3 Ra7 60. Rd1+ Ke5 61. Ra1 Ra8 62. Kd2 Kd4 63. Kc2 e3 64. Rd1+ Ke4 65.
Ra1 e2 66. Kd2 Kf3 67. Ke1 Rd8 0-1

[Event "4NCL/Div2d/ANGA vs. FCA1"]
[Site "Staverton Park ENG"]
[Date "2009.05.04"]
[Round "11.2"]
[White "Almond, Richard"]
[Black "Talsma, Paul A"]
[Result "1/2-1/2"]
[WhiteElo "2114"]
[BlackElo "2263"]
[PlyCount "67"]
[EventDate "2009.05.04"]
[SourceDate "2008.10.04"]

1. d4 f5 2. g3 Nf6 3. Bg2 g6 4. Nf3 Bg7 5. O-O O-O 6. c4 d6 7. Nc3 Nc6 8. d5
Na5 9. Qd3 c5 10. b3 a6 11. Bb2 Rb8 12. Rab1 Bd7 13. h3 b5 14. Nd2 bxc4 15.
bxc4 Ne4 16. Ndxe4 fxe4 17. Bxe4 Bxh3 18. Rfc1 Qd7 19. Ba1 Rb4 20. Nd1 Bxa1 21.
Rxa1 Bf5 22. Ne3 Bxe4 23. Qxe4 Rb2 24. Rc2 Rfb8 25. Rxb2 Rxb2 26. Rb1 Rb4 27.
Rxb4 cxb4 28. Qd4 Qc7 29. Ng4 h5 30. Nh6+ Kh7 31. Nf7 Kg8 32. Nh6+ Kh7 33. Nf7
Kg8 34. Nh6+ 1/2-1/2

[Event "4NCL/Div2d/ANGA vs. FCA1"]
[Site "Staverton Park ENG"]
[Date "2009.05.04"]
[Round "11.3"]
[White "Player, Edmund C"]
[Black "Tippleston, Charles"]
[Result "1-0"]
[WhiteElo "2132"]
[BlackElo "2167"]
[PlyCount "143"]
[EventDate "2009.05.04"]
[SourceDate "2008.10.04"]

1. e4 c5 2. Nc3 e6 3. g3 d5 4. exd5 exd5 5. d4 cxd4 6. Qxd4 Nf6 7. Bg5 Be7 8.
Bb5+ Nc6 9. Bxf6 Bxf6 10. Qc5 Bxc3+ 11. bxc3 Qe7+ 12. Qxe7+ Kxe7 13. O-O-O Be6
14. Ne2 Rac8 15. Rhe1 a6 16. Ba4 Na5 17. Bb3 Kd6 18. Rd4 Rc5 19. Red1 Rhc8 20.
a3 b5 21. Ba2 Nc6 22. R4d2 Ne7 23. Kb2 Bg4 24. Re1 Bxe2 25. Rdxe2 Nc6 26. Re8
Na5 27. Rxc8 Rxc8 28. Bb3 Nc4+ 29. Bxc4 bxc4 30. a4 a5 31. Kc1 Rb8 32. Re3 f6
33. f4 h6 34. f5 Rb7 35. Re8 Ra7 36. Kd2 Kc5 37. Re6 d4 38. cxd4+ Kxd4 39. c3+
Kc5 40. Re8 Rd7+ 41. Kc2 Ra7 42. Re6 Kd5 43. Rb6 Ke4 44. Rb5 Ra8 45. Rc5 h5 46.
Rxc4+ Kxf5 47. Kd3 g5 48. h3 Ke5 49. Rc5+ Kd6 50. Kd4 Ke6 51. Ke4 Ra6 52. c4
Rb6 53. Rb5 Rc6 54. c5 f5+ 55. Kd4 f4 56. gxf4 gxf4 57. Ke4 f3 58. Kxf3 Kf5 59.
Rxa5 Kg5 60. Rb5 Kh4 61. Kg2 Kg5 62. Rb4 Kf5 63. Rc4 Ke5 64. Kg3 Kd5 65. Rc1
Ra6 66. c6 h4+ 67. Kf3 Ra8 68. c7 Rc8 69. a5 Kd6 70. a6 Kd7 71. a7 Ra8 72.
c8=Q+ 1-0